| 000 | 00492nam a2200193 a 4500 | ||
|---|---|---|---|
| 005 | 20230617063522.0 | ||
| 008 | 070418s2005 mx r 000 0 spa d | ||
| 020 | _a9870005101 | ||
| 035 | _aUPN01000150075 | ||
| 049 | _aCG | ||
| 050 | 4 |
_aGV1201 _bM6.5 |
|
| 100 | 1 | _aMoreno, Inés | |
| 245 | 1 | 3 |
_aEl juego y los juegos / _cInés Moreno. |
| 260 |
_aBuenos Aires : _bLumen, _c2005. |
||
| 300 | _a349 p. | ||
| 650 | 4 |
_aJuegos _95342 |
|
| 650 | 4 |
_aDinámica de grupos _96712 |
|
| 905 | _aLibro | ||
| 999 |
_c122216 _d122216 |
||